000 01160nam a2200313Ia 4500
001 B7000
003 IT-RoPAU
008 130308s9999 xx 000 0 und d
040 _aIT-RoPAU
040 _cIT-RoPAU
041 _aFRANCESE
100 _aAA.VV.
100 _gCodice Aut. SPICS: 12000
245 _aMasses et culture de masse dans les annees Trente
245 _bMasses et Culture de masse Dans Les Annees Trente
250 _a1a ed.
260 _aPARIS
260 _bOuvrieres
260 _c1991 [1° Ed.:1991 - Ed.Ling.Originale:1991]
300 _a"236 p. (prefazione: no ; testo: 236 [pagine: 0-0])"
500 _aMasse e Cultura di Massa Negli Anni trenta . contributi di Autori Vari. Soggetto in Questione. cattedrali dell'uomo Nuovo. Scarico dei Sogni. passaggio Dalla Cultura Alle Culture e Alla Comunicazione. Irruzione delle masse sotto la pressione dei Nuovi Rapporti Sociali. Profeti dell'immaginario Sociale.
650 _aPOLITICA DELLA COMUNICAZIONE SOCIALE
650 _eCodice materia Spics: 3803
700 _aRobin Regine
700 _gCodice Aut. SPICS: 21766
942 _cBK
957 _71
999 _c89044
_d89044
999 _g1